[Event "Remote S7E Pro-147 email"]
[Site "Remote email"]
[Date "2011.12.27"]
[Round "?"]
[White "Schmaeling, Maikel"]
[Black "Wittig, Frank"]
[Result "1-0"]
[WhiteElo "2172"]
[BlackElo "2339"]
[PlyCount "69"]
[EventDate "2012.??.??"]
[EventType "tourn (corr)"]
[EventRounds "6"]
[EventCountry "GER"]
[SourceTitle "Corr 2015"]
[Source "ChessBase"]
[SourceDate "2015.07.17"]
[SourceVersion "1"]
[SourceVersionDate "2015.07.17"]
[SourceQuality "1"]

1. e4 e5 2. Bc4 Nc6 3. Nf3 Nf6 4. Ng5 d5 5. exd5 Nxd5 6. d4 Bb4+ 7. c3 Be7 8. Nxf7 Kxf7 9. Qf3+ Ke6 10. 0-0 Rf8 11. Qe4 b5 12. Bxb5 Bb7 13. Nd2 Kf7 14. Qxh7 Rh8 15. Qf5+ Nf6 16. Nf3 Qd5 17. Bxc6 Bxc6 18. c4 Bd7 19. Qc2 Qb7 20. Nxe5+ Kf8 21. Ng6+ Kf7 22. Nxh8+ Rxh8 23. Bf4 Qb6 24. Rad1 Rb8 25. b3 Bb4 26. h3 Re8 27. Bd2 Bf8 28. Qd3 Qa6 29. Rfe1 Qxa2 30. Rxe8 Bxe8 31. Bf4 Qa5 32. Be5 a6 33. d5 Bd7 34. g4 Qb6 35. g5 1-0